000 002550000a22000970004500
100 1 _aJackson, Morgan
245 1 0 _aDe la brujería al cristianismo
300 _aVol. 59, Núm 269 (2004), Páginas 14-15
773 0 _tLa Biblia de las Américas
942 _cANA
999 _c51770
_d51770